000
00285nam a22001217a 4500
008
230502b |||||||| |||| 00| 0 eng d
100
_a
D. N. Mathur
245
_a
Interpretation of Statutes
260
_a
Allahabad
_b
CLP
_c
2008
300
_a
376
546
_a
English
942
_2
ddc
_c
BK
999
_c
19967
_d
19967